002430000a220007300045001000022000002450057000223000061000797730029001401 aJezequel, Roberta10aHusbands who travel and the families who stay behind aVol. 77, Num. 4 (Octubre-Diciembre, 1997), Páginas 6-90 tLatin America Evangelist